书目信息 |
| 题名: |
美的分析
|
|
| 作者: | 荷加斯 著 ;杨成寅 译 | |
| 分册: | ||
| 出版信息: | 桂林 广西师范大学出版社 2002 |
|
| 页数: | 266页 | |
| 开本: | 21cm | |
| 丛书名: | 贝贝特·艺术广场 | |
| 单 册: | ||
| 中图分类: | J01 | |
| 科图分类: | ||
| 主题词: | 艺术美学--审美分析 , CT--S088396--艺术美学 , CT--S066098--审美分析 | |
| 电子资源: | ||
| ISBN: | 7-5633-3643-5 | |
| 000 | 00975nam0 2200301 45 | |
| 001 | 002190416 | |
| 005 | 20031219104109.7 | |
| 010 | @a7-5633-3643-5@dCNY39.80 | |
| 100 | @a20021111d2002 em y0chiy0110 ea | |
| 101 | 1 | @achi@ceng |
| 102 | @aCN@b450000 | |
| 105 | @aa z 000yy | |
| 106 | @ar | |
| 200 | 1 | @a美的分析@9mei de fen xi@f(英)威廉·荷加斯著@g杨成寅译 |
| 210 | @a桂林@c广西师范大学出版社@d2002 | |
| 215 | @a266页@c图@d21cm | |
| 225 | 2 | @a贝贝特·艺术广场@i绘画艺术书系 |
| 330 | @a究竟是什么促使我们认为某些东西的形式是有吸引力的,另一些东西的形式是没有吸引力的?书中给出了答案…… | |
| 462 | 0 | @1001002189233@1@12001 @a绘画艺术书系 |
| 510 | 1 | @aThe Analysis of Beauty@zeng |
| 606 | 0 | @a艺术美学@x审美分析 |
| 606 | 0 | @2CT@3S088396@a艺术美学 |
| 606 | 0 | @2CT@3S066098@a审美分析 |
| 690 | @aJ01@v4 | |
| 701 | 1 | @a荷加斯@9he jia si@b威廉@4著 |
| 702 | 0 | @a杨成寅@9yang cheng yin@4译 |
| 801 | @aCN@bTSTC@c20030422 | |
| 905 | @b323093-094@dJ01@e101@f2 | |
| 美的分析/(英)威廉·荷加斯著/杨成寅译.-桂林:广西师范大学出版社,2002 |
| 266页:图;21cm.-(贝贝特·艺术广场.绘画艺术书系) |
| ISBN 7-5633-3643-5:CNY39.80 |
| 究竟是什么促使我们认为某些东西的形式是有吸引力的,另一些东西的形式是没有吸引力的?书中给出了答案…… |
| ● |
| 相关链接 |
|
|
|
|
正题名:美的分析
索取号:J01/101
 
预约/预借
| 序号 | 登录号 | 条形码 | 馆藏地/架位号 | 状态 | 备注 |
| 1 | 0323093 | 203230930 | 第一借阅区/ [索取号:J01/101] | 在馆 | |
| 2 | 0323094 | 203230949 | 第一样本阅览室/ [索取号:J01/101] | 在馆 |